Stratégia Európa 2020 - výzva na dosiahnutie udržateľného hospodárstva Európskej únie

O dokumente stratégia Európa 2020 - východiská a ciele. Slovensko a stratégia Európa 2020.

Saved in:
Bibliographic Details
Main Author: Hasprová, Mária, 1970-
Other Authors: Žák, Štefan, 1971-
Format: Book Chapter
Language:Slovak
Subjects:
Tags: Add Tag
No Tags, Be the first to tag this record!

MARC

LEADER 00000nla$a2200000$$$4500
001 0145657
005 20240502072628.0
041 0 |a slo 
044 |a SK 
245 1 0 |a Stratégia Európa 2020 - výzva na dosiahnutie udržateľného hospodárstva Európskej únie  |c Mária Hasprová, Štefan Žák 
520 |a O dokumente stratégia Európa 2020 - východiská a ciele. Slovensko a stratégia Európa 2020. 
610 2 0 |a Európa 
610 2 0 |a dokumenty 
610 2 0 |a stratégia hospodárska 
610 2 0 |a rozvoj trvalo udržateľný 
610 2 0 |a zamestnanosť 
610 2 0 |a veda 
610 2 0 |a výskum 
610 2 0 |a politika energetická 
610 2 0 |a Slovensko 
100 1 |a Hasprová, Mária, 1970- 
700 1 |a Žák, Štefan, 1971-